Państwa z najmniejszym długiem publicznym - Statystyki

Ogólne statystyki
  • Ten quiz został rozwiązany 56 razy
  • Średni wynik to 6 z 25
Statystyki odpowiedzi
% zadłużenia do PKB Państwa % Poprawnych
19.1 Arabia Saudyjska
58%
14.6 Rosja
58%
18.6 Zjednoczone Emiraty Arabskie
53%
19.2 Nowa Zelandia
47%
22.1 Luksemburg
42%
14.8 Kuwejt
40%
8.4 Estonia
30%
17.5 Nigeria
30%
2.4 Brunei
25%
21.9 Kazachstan
25%
7.1 Afganistan
23%
16.2 Libia
21%
15.7 Republika Konga
21%
18.2 Kuba
19%
23 Botswana
17%
18 Gwinea
15%
20.1 Erytrea
13%
23 Wenezuela
13%
10.75 Eswatini
9%
17.12 Kosowo
9%
22.9 Paragwaj
9%
20.4 Togo
9%
13.2 Burundi
8%
20.1 Bułgaria
6%
16.2 Palestyna
2%
Nie znaleziono quizów pasujących do podanych kryteriów
Rozkład punktacji
Procent ludzi z każdym wynikiem
Percentyl według liczby udzielonych odpowiedzi
Twoja historia wyników
Nie rozwiązałeś tego quizu